UBT Library

Alphonse De Beachamp (Record no. 60825)

000 -LEADER
fixed length control field 00302nam a22001337a 4500
008 - FIXED-LENGTH DATA ELEMENTS--GENERAL INFORMATION
fixed length control field 260219b ||||| |||| 00| 0 eng d
020 ## - INTERNATIONAL STANDARD BOOK NUMBER
International Standard Book Number 9951050301
041 ## - LANGUAGE CODE
Language code of text/sound track or separate title Shqip
080 ## - UNIVERSAL DECIMAL CLASSIFICATION NUMBER
Universal Decimal Classification number 2.1
100 ## - Rafti
Rafti 20.1
101 ## - Shkurtesa
Shkurtesa Roman
245 ## - TITLE STATEMENT
Title Alphonse De Beachamp
Statement of responsibility, etc Ali Pashë Tepelena
942 ## - ADDED ENTRY ELEMENTS (KOHA)
Source of classification or shelving scheme
Item type Books
Holdings
Withdrawn status Lost status Source of classification or shelving scheme Damaged status Not for loan Collection code Permanent location Current location Date acquired Total Checkouts Barcode Date last seen Price effective from Koha item type
          Koleksioni i përgjithshem UBT - Lipjan UBT - Lipjan 02/19/2026   002-800070999471 02/19/2026 02/19/2026 Books
          Koleksioni i përgjithshem UBT - Lipjan UBT - Lipjan 02/19/2026   002-800070999475 02/19/2026 02/19/2026 Books
          Koleksioni i përgjithshem UBT - Lipjan UBT - Lipjan 02/19/2026   002-800070999477 02/19/2026 02/19/2026 Books
UBT Library © 2015-2024. All rights reserved University Education for Business and Technology